<Die> Strukturpolitik der Europäischen Union <eine> Untersuchung ihrer Konsistenz im Hinblick auf die Verwirklichung ...

Gespeichert in:
Bibliographische Detailangaben
1. Verfasser: Hödl, Erich
Weitere Verfasser: Weida, Andreas
Format: Buch
Sprache:Deutsch
Veröffentlicht: Frankfurt am Main Peter Lang 1997
Schlagworte:
Tags: Tag hinzufügen
Keine Tags, Fügen Sie das erste Tag hinzu!

MARC

LEADER 00000nam a2200000 4500
001 c104114
005 20221124075001.7
020 |a 3-631-32046-9 
041 0 |a ger 
044 |a DE 
245 1 0 |a <Die> Strukturpolitik der Europäischen Union  |b <eine> Untersuchung ihrer Konsistenz im Hinblick auf die Verwirklichung ...  |c Erich Hödl, Andreas Weida 
264 1 |a Frankfurt am Main  |b Peter Lang  |c 1997 
300 |a 444 s. 
610 2 0 |a únie hospodárske 
610 2 0 |a únie menové 
610 2 0 |a integrácia ekonomická medzinárodná 
610 2 0 |a hospodárstvo národné 
610 2 0 |a trh vnútorný 
610 2 0 |a konkurencia 
610 2 0 |a politika regionálna 
610 2 0 |a subvencie 
610 2 0 |a politika priemyselná 
610 2 0 |a politika štruktúrna 
610 2 0 |a politika poľnohospodárska 
610 2 0 |a politika sociálna 
610 2 0 |a výskum 
610 2 0 |a technológia 
610 2 0 |a energia 
610 2 0 |a doprava 
610 2 0 |a prostredie životné 
610 2 0 |a Európa 
610 2 0 |a Európska únia 
100 1 |a Hödl, Erich 
700 1 |a Weida, Andreas